000
00369nam a2200145Ia 4500
008
231129s2002||||xx |||||||||||||| ||spa||
020
_a
958-33-4007-3
040
_b
spa
082
_a
Co863.6 S158c
100
_a
Sakal Ménash Shamah
245
0
_a
Crónica de la infamia
260
_c
2002
264
_a
Rutina
942
_2
ddc
_c
BKS
999
_c
8263
_d
8263